Los niños
Sparad:
| Huvudupphovsman: | |
|---|---|
| Materialtyp: | Bok |
| Språk: | spanska |
| Publicerad: |
Barcelona
Planeta
1995
|
| Upplaga: | 2a. ed |
| Serie: | Colección Espejo de España, 174
|
| Ämnen: | |
| Taggar: |
Lägg till en tagg
Inga taggar, Lägg till första taggen!
|
MARC
| LEADER | 00000nam a2200000 a 4500 | ||
|---|---|---|---|
| 001 | UCZ0327 | ||
| 003 | CL-VaPUC | ||
| 008 | 950728e19950000SP |||||||||||||||||spa|d | ||
| 082 | 0 | 4 | |a 863 |b DEL |2 21 |
| 100 | 0 | |a Delibes, Miguel |e author |9 313774 | |
| 245 | 1 | 4 | |a Los niños |
| 250 | |a 2a. ed | ||
| 300 | |a 207 p | ||
| 942 | |c BK | ||
| 945 | |d 19950728 00:00:00 |a rbrito | ||
| 260 | |a Barcelona |b Planeta |c 1995 | ||
| 650 | 0 | |a Cuentos españoles |9 267960 | |
| 650 | 7 | |a NOVELA ESPAÑOLA |2 CL-VaPUC |9 313139 | |
| 650 | 7 | |a NIÑOS EN LA LITERATURA |2 CL-VaPUC |9 318889 | |
| 650 | 0 | |a Literatura española |9 306261 | |
| 583 | |a last modification |c 19950728 00:00:00 |k Rodrigo Vera | ||
| 490 | 0 | |a Colección Espejo de España, 174 | |
| 999 | |c 237273 |d 237271 | ||
| 952 | |0 0 |1 0 |4 0 |6 863_000000000000000_DEL_1995 |7 0 |8 A |9 246179 |a FDOPOS |b FDOPOS |d 2019-11-18 |i 3113884 |o 863 DEL 1995 |p 3113884 |r 2025-01-22 |w 2019-11-18 |y BK |k MLH | ||